Surgical instruments industry at Jalandhar: A case study (Record no. 53244)

000 -LEADER
fixed length control field 00760pab a2200169 454500
008 - FIXED-LENGTH DATA ELEMENTS--GENERAL INFORMATION
fixed length control field 180718b2002 xxu||||| |||| 00| 0 eng d
100 ## - MAIN ENTRY--PERSONAL NAME
Personal name Singh, Manjit
245 ## - TITLE STATEMENT
Title Surgical instruments industry at Jalandhar: A case study
260 ## - PUBLICATION, DISTRIBUTION, ETC.
Date of publication, distribution, etc. 2002
300 ## - PHYSICAL DESCRIPTION
Extent p.3298-304.
362 ## - DATES OF PUBLICATION AND/OR SEQUENTIAL DESIGNATION
Dates of publication and/or sequential designation 3 Aug
520 ## - SUMMARY, ETC.
Summary, etc. The surgical instruments industry concentrated in Punjab's Jalandhar district remains rooted in obsolete production processes and dominated by the unorganised labour sector. However, the industry needs sustained interventions, spearheaded by the state and industry associations to withstand the threat it now faces from liberalisation.
650 ## - SUBJECT ADDED ENTRY--TOPICAL TERM
Topical term or geographic name entry element Surgery
650 ## - SUBJECT ADDED ENTRY--TOPICAL TERM
Topical term or geographic name entry element Medical equipment
773 ## - HOST ITEM ENTRY
Main entry heading Economic and Political Weekly
909 ## -
-- 53244
Holdings
Withdrawn status Lost status Damaged status Not for loan Permanent Location Current Location Date acquired Serial Enumeration / chronology Barcode Date last seen Price effective from Koha item type
        Indian Institute of Public Administration Indian Institute of Public Administration 2018-07-19 Volume no: 37, Issue no: 31 AR53681 2018-07-19 2018-07-19 Articles

Powered by Koha